000 01124cam a22002174a 4500
005 20250605164213.0
008 250528s ||||||||||||||||||||||||d
035 _a20383
020 _a500202087
040 _aGR-AtMCL
_bgre
_dGR-AtMCL
_eAACR2
245 1 _aPhotomontage / Revised and Enlarged Edition - 203 Illustrations
260 _c1996
300 _a176
505 0 _aIntroduction, The Supremacy of the Message, Dada in Berlin, John Heartfield, Propaganda and Publicity and Constructivism, Metropolis: The Vision of the Future, The Marvellous and the Commonplace, Photomontage and Non-Objective Art, Notes, Annotated List of Illustrations, Selected Bibliography, Index.
520 _aIntroduction, The Supremacy of the Message, Dada in Berlin, John Heartfield, Propaganda and Publicity and Constructivism, Metropolis: The Vision of the Future, The Marvellous and the Commonplace, Photomontage and Non-Objective Art, Notes, Annotated List of Illustrations, Selected Bibliography, Index.
700 1 _aAdes Dawn
_94887
700 1 _aThames And Hudson
_92417
942 _cBK
999 _c5497
_d5497